LEADER 01054nam a2200265 i 4500 001 000000147507 003 CaOOAMICUS 005 20060203000000.0 008 060203s1994 it u000 u ita u 013 $a124720 020 $a88-06-12738-1 040 $aSeMil$bita 100 1 $aDi Benedetto, Vincenzo.$0(OLS)http://semarc/name/25922 245 10$aNel laboratorio di Omero /$cVincenzo Di Benedetto. 260 $aTorino :$bGiulio Einaudi,$ccopyr. 1994. 300 $aXI, 374 p. ;$c21 cm. 490 0 $aEinaudi Paperbacks ;$v251 650 4$aOmero . Iliade.$0(OLS)http://semarc/subject/3345 830 0$aEinaudi Paperbacks ;$v251.$0(OLS)http://semarc/title/6898 850 $aSeMil 852 $aSeMil$W1$xVenegono$y1$m1X II 203$j100057$B100057$CSeMilBibl$Z2$F108599 $81 961 $aOmaggio: Oneta don Marco 996 $6020$a88-06-12738-1$9(OLS)http://semarc/number/136216 996 $6245$aNel laboratorio di Omero$9(OLS)http://semarc/title/215661 996 $6260$aTorino :$bGiulio Einaudi$9(OLS)http://semarc/publisher/29810 LEADER 00893nam a2200253 i 4500 001 000000151551 003 CaOOAMICUS 005 20060817000000.0 008 060817s1977 it u000 u ita u 013 $a128890 020 $a88-17-66468-5 040 $aSeMil$bita 100 1 $aMaraini, Dacia,$d<1936- >.$0(OLS)http://semarc/name/16979 245 10$aDolce per sé /$cDacia Maraini. 260 $aMilano :$bRizzoli,$c1977. 300 $a189 p. ;$c22 cm. 490 0 $aLa scala 830 3$aLa scala.$0(OLS)http://semarc/title/7359 850 $aSeMil 852 $aSeMil$W1$xVenegono$y1$m1D V 147$j103578$B103578$CSeMilBibl$Z2$F114135 $81 961 $aLascito: Gogna prof.ssa Silvia 996 $6020$a88-17-66468-5$9(OLS)http://semarc/number/141156 996 $6245$aDolce per sé$9(OLS)http://semarc/title/221483 996 $6260$aMilano :$bRizzoli$9(OLS)http://semarc/publisher/29824 LEADER 01197nam a2200205 4500 001 000000357116 003 CaOOAMICUS 005 20240209135106.0 008 240209s1895 it 000 u ita r 040 $aSeMil$bita 100 1 $aLampertico, Fedele <1833-1906>.$0(OLS)http://semarc/name/15288 245 10$aSull'opera e gli intendimenti della Associazione nazionale per soccorrere i missionarj cattolici italiani :$bconferenza orale del senatore Lampertico tenuta a Vicenza il 16 dicembre 1894 nella sala del Teatro Olimpico. 264 1$aFirenze :$bTipografia di Enrico Ariani,$c1895. 300 $a18 p. ;$c23 cm 500 $a Sul front.: prezzo 20 centesimi a benefizio delle missioni dell'Eritrea 850 $aSeMil 852 $aSeMil$W1$xVenegono$y1$m5D IV 1/9$j246001$B248296$CSeMilBibl$Z2$F248296 $8I 996 $6245$aSull'opera e gli intendimenti della Associazione nazionale per soccorrere i missionarj cattolici italiani :$bconferenza orale del senatore Lampertico tenuta a Vicenza il 16 dicembre 1894 nella sala del Teatro Olimpico$9(OLS)http://semarc/title/447363 996 $6264$aFirenze :$bTipografia di Enrico Ariani$9(OLS)http://semarc/publisher/61549 LEADER 01409nam a2200289 i 4500 001 000000131751 003 CaOOAMICUS 005 20081010000000.0 008 081010s1964 it u000 u ita u 013 $a104648 040 $aSeMil$bita 100 1 $aBaudelaire, Charles <1821-1867>.$0(OLS)http://semarc/name/8854 240 12$aI fiori del male ; I relitti ; Supplemento ai Fiori del male.$0(OLS)http://semarc/title/408211 245 12$aI fiori del male /$cCharles Baudelaire ; a cura di Luigi De Nardis ; saggio introduttivo di Erich Auerbach. 246 01$aLes fleures du mal ; Les épaves ; Supplément aux Fleurs du mal 260 $aMilano :$bFeltrinelli,$ccopyr. 1964. 300 $aXXXVI, 365 p. ;$c18 cm. 490 0 $aUniversale economica ;$v466 500 $aFrontespizio e testo originale francese a fronte. 700 1 $aAuerbach, Erich,$d<1892-1957>.$0(OLS)http://semarc/name/18944 700 1 $aDe Nardis, Luigi.$0(OLS)http://semarc/name/8452 830 0$aUniversale economica ;$v466.$0(OLS)http://semarc/title/11224 850 $aSeMil 852 $aSeMil$W1$xVenegono$y1$m1V VI 49$j85686$B85686$CSeMilBibl$Z2$F89436 $81 996 $6245$aI fiori del male$9(OLS)http://semarc/title/193663 996 $6246$aLes fleures du mal ; Les épaves ; Supplément aux Fleurs du mal$9(OLS)http://semarc/title/193664 996 $6260$aMilano :$bFeltrinelli$9(OLS)http://semarc/publisher/30237 LEADER 00928nam a2200229 i 4500 001 000000137633 003 CaOOAMICUS 005 20240513163339.0 008 050419s1969 it u000 u ita u 013 $a111427 040 $aSeMil$bita 100 1 $aGhislanzoni, Antonio <1824-1893>.$0(OLS)http://semarc/name/90586 245 10$aAbrakadabra. La contessa di Karolystria /$cAntonio Ghislanzoni ; a cura di Edoardo Villa. 260 $aMilano :$bMarzorati,$ccopyr. 1969. 300 $a286 p. ;$c22 cm. 700 1 $aVilla, Edoardo.$0(OLS)http://semarc/name/32774 850 $aSeMil 852 $aSeMil$W1$xVenegono$y1$m174 26 3 *$j91171$B91171$CSeMilBibl$Z2$F96096 $81 961 $aRecupero: Biblioteca Seminario Seveso (fino al 1985) 996 $6245$aAbrakadabra. La contessa di Karolystria$9(OLS)http://semarc/title/201121 996 $6260$aMilano :$bMarzorati$9(OLS)http://semarc/publisher/29683 LEADER 00601nam a2200181 i 4500 001 000000177706 003 CaOOAMICUS 005 20201015144239.0 008 090218s1964 gw u000 u eng u 013 $a155274 040 $aSeMil$bita 245 10$a2. 300 $aviii, 470 p. ;$c22 cm. 773 0 $aHume, David <1711-1776>$tEssays.$dAalen : Scientia Verlag, 1964.$bReprint of the new edition London 1882.$g2$w()20739 850 $aSeMil 852 $aSeMil$W1$xVenegono$y1$m2P V 415$j128511$B128511$CSeMilBibl$Z2$F139386 $81 996 $6245$a2$9(OLS)http://semarc/title/46889 LEADER 01087nam a2200217 i 4500 001 000000018157 003 CaOOAMICUS 005 20190411120000.0 008 180830n19711973it u000 u ita u 040 $aSeMil$bita 100 1 $aBacchelli, Riccardo,$d<1891-1985>.$0(OLS)http://semarc/name/1548 245 10$aVersi e rime /$cRiccardo Bacchelli. 260 $aMilano :$bArnoldo Mondadori,$c1971-1973. 300 $a3 v. ;$c19 cm. 650 04$aBacchelli, Riccardo <1891-1985> - Opere.$0(OLS)http://semarc/subject/634 774 0 $aBacchelli, Riccardo <1891-1985>$tPrimo libro: La stella del mattino.$dMilano : Arnoldo Mondadori, 1971.$g1$w()93054 774 0 $aBacchelli, Riccardo <1891-1985>$tTerzo libro: Giorni di vita e tempo di poesia.$dMilano : Arnoldo Mondadori, 1973.$g3$w()93055 774 0 $aBacchelli, Riccardo <1891-1985>$tSecondo libro: Bellezza e umanità.$dMilano : Mondadori, 1972.$g2$w()102269 996 $6245$aVersi e rime$9(OLS)http://semarc/title/23959 996 $6260$aMilano :$bArnoldo Mondadori$9(OLS)http://semarc/publisher/46554 LEADER 00846nam a2200205 i 4500 001 000000206880 003 CaOOAMICUS 005 20111014000000.0 008 111014s1866 it u000 u ita u 013 $a185654 040 $aSeMil$bita 100 1 $aZoncada, Antonio,$d<1813-1887>.$0(OLS)http://semarc/name/765 245 10$aCarlo Goldoni a Pavia :$bracconto storico /$cdi Antonio Zoncada. 250 $aEdizione a beneficio dei militi partiti per la guerra e delle famiglie loro. 260 $aPavia :$bEredi Bizzoni,$cpref. 1866. 300 $aVIII, 123 p. ;$c21 cm. 850 $aSeMil 852 $aSeMil$W1$xVenegono$y1$m1S V 15 FA$j157343$B157343$CSeMilBibl$Z2$F168635 $8I 996 $6245$aCarlo Goldoni a Pavia :$bracconto storico$9(OLS)http://semarc/title/299165 996 $6260$aPavia :$bEredi Bizzoni$9(OLS)http://semarc/publisher/38469 LEADER 00967nam a2200217 i 4500 001 000000108229 003 CaOOAMICUS 005 20101109000000.0 008 101109s1973 it u000 u ita u 013 $a80868 040 $aSeMil$bita 100 1 $aFrumento, Gianfranco.$0(OLS)http://semarc/name/45444 245 10$aIniziazione dei fanciulli alla penitenza :$bproblemi catechetici e proposte pastorali /$cGianfranco Frumento. 260 $aTorino-Leumann :$bElle Di Ci,$cimprim. 1973. 300 $a151 p. ;$c19 cm. 650 4$aIniziazione cristiana - Fanciulli.$0(OLS)http://semarc/subject/1491 850 $aSeMil 852 $aSeMil$W1$xVenegono$y1$m2C I 600$j64325$B64325$CSeMilBibl$Z2$F156591 $81 961 $aLascito: Calcaterra don Carlo 996 $6245$aIniziazione dei fanciulli alla penitenza :$bproblemi catechetici e proposte pastorali$9(OLS)http://semarc/title/156887 996 $6260$aTorino-Leumann :$bElle Di Ci$9(OLS)http://semarc/publisher/30113 LEADER 00922nam a2200229 i 4500 001 000000127656 003 CaOOAMICUS 005 20190410165103.0 008 040624s1998 it u000 u ita u 013 $a100369 040 $aSeMil$bita 100 1 $aAllegri, Renzo,$d<1934- >.$0(OLS)http://semarc/name/4299 245 12$aI miracoli di Padre Pio /$cRenzo Allegri. 260 $aMilano :$bEuroclub,$c1998. 300 $a304 p. ;$c23 cm. 600 04$aPio : da Pietrelcina .$0(OLS)http://semarc/subject/470 650 04$aPio : da Pietrelcina - Miracoli.$0(OLS)http://semarc/subject/25296 850 $aSeMil 852 $aSeMil$W1$xVenegono$y1$m3H IV 479$j213078$B81930$CSeMilBibl$Z2$F84213 $81 996 $6245$aI miracoli di Padre Pio$9(OLS)http://semarc/title/188435 996 $6260$aMilano :$bEuroclub$9(OLS)http://semarc/publisher/56261